02095nam a2200433 i 4500001001300000008004100013020001500054020001500069050002200084100002600106245013100132246014200263246004700405246005100452250002100503260005600524300001900580490006400599504004100663533012300704600003400827600003900861600004100900650003800941650002500979651004101004651003401045830006501079856007301144880002601217880012001243880004501363880004901408880002301457880004901480880005701529880005801586999001701644P20220509059220825s1997 cc a s 000 0 chi d a9627997234 a9627997242 4aBR1288bX564 19971 6880-01aXing, Fuzeng.106880-02aJidu xin yang yu jiu guo shi jianh[electronic resource] :ber shi shi ji qian qi de ge an yan jiu /cXing Fuzeng zhu.1 iColophon English title :aChristian doctrine and the praxis of national salvation :ba case study of the first half of 20th century China3 6880-03a20 shi ji qian qi de ge an yan jiu306880-04aEr shi shi ji qian qi de ge an yan jiu 6880-05aChu ban. 6880-06aXianggang :bJian dao shen xue yuan,c1997. a443 p. :bill.1 6880-07aJidu jiao yu Zhongguo wen hua yan jiu cong shu ;v3 aIncludes bibliographical references. aElectronic reproduction.bNew Taipei City :cAiriti.nSystem requirements: iRead eBook.nAvailable via World Wide Web.106880-08aXu, Qian,d1871-1940.106880-09aFeng, Yuxiang,d1882-1948.106880-10aZhang, Zhijiang,d1882-1966. 0aChristianity and politicszChina. 0aChristianityzChina. 0aChinaxChurch historyy20th century. 0aChinaxHistoryy20th century. 06880-08aJidu jiao yu Zhongguo wen hua yan jiu cong shu ;v3.40uhttps://www.airitibooks.com/Detail/Detail?PublicationID=P202205090591 6100-01/1a邢福增.106245-02/1a基督信仰與救國實踐h[electronic resource] :b二十世紀前期的個案研究 /c邢福增著.3 6246-03/1a20世紀前期的個案研究306246-04/1a二十世紀前期的個案研究 6250-05/1a初版. 6260-06/1a香港 :b建道神學院,c1997.1 6490-07/1a基督教與中國文化研究叢書 ;v3 06830-08/1a基督教與中國文化研究叢書 ;v3. c41503d41503